6 poetas de Zamora y una intrusión (Record no. 128348)

MARC details
000 -LEADER
campo de control de longitud fija 00797nam a2200205 i 4500
001 - NÚMERO DE CONTROL
campo de control 128348
003 - IDENTIFICADOR DE NÚMERO DE CONTROL
campo de control ES-MaACL
005 - FECHA Y HORA DE LA ÚLTIMA TRANSACCIÓN
campo de control 20240508093102.0
007 - CAMPO FIJO DE DESCRIPCIÓN FÍSICA--INFORMACIÓN GENERAL
campo de control de longitud fija t|
008 - DATOS DE LONGITUD FIJA--INFORMACIÓN GENERAL
campo de control de longitud fija 070702s1976 sp ||||1| spa d
080 ## - NÚMERO DE LA CLASIFICACIÓN DECIMAL UNIVERSAL
Número de la Clasificación Decimal Universal 860-1"19"(082.2)
245 00 - MENCIÓN DEL TÍTULO
Título 6 poetas de Zamora y una intrusión
Resto del título : León Felipe, Claudio Rodríguez, Alfonso Peñaolosa, Lorenzo Pedrero, Waldo Santos, Jesús Fco. Hernández Pascual /
Mención de responsabilidad, etc. [selección] Jesús Hilario Tundidor.
260 ## - PUBLICACIÓN, DISTRIBUCIÓN, ETC.
Lugar de publicación, distribución, etc. Zamora :
Nombre del editor, distribuidor, etc. Caja de Ahorros Provincial,
Fecha de publicación, distribución, etc. [1976]
300 ## - DESCRIPCIÓN FÍSICA
Extensión 264 p., 10 h. de lám. ;
Dimensiones 24 cm.
650 #4 - PUNTO DE ACCESO ADICIONAL DE MATERIA--TÉRMINO DE MATERIA
Término de materia o nombre geográfico como elemento de entrada Poesías españolas-
Subdivisión cronológica S.XX.
9 (RLIN) 16221
700 1# - ENTRADA AGREGADA--NOMBRE PERSONAL
Nombre de persona Tundidor, Jesús Hilario,
Fechas asociadas al nombre 1935-
9 (RLIN) 111674
710 2# - ENTRADA AGREGADA--NOMBRE DE ENTIDAD CORPORATIVA
Nombre de entidad corporativa o nombre de jurisdicción como elemento de entrada Caja de Ahorros Provincial de Zamora.
9 (RLIN) 2314
852 ## - LOCALIZACIÓN
Ubicación ES-MaACL
Número de control de estantería A-5580
Sublocalización o colección R.94579
Holdings
Estatus retirado Estado de pérdida Estado de daño No para préstamo Biblioteca de origen Biblioteca actual Ubicación en estantería Fecha de adquisición Fuente de adquisición Total de préstamos Signatura topográfica completa Código de barras Visto por última vez Precio de reemplazo Tipo de ítem Koha
        Biblioteca del Ateneo de Madrid Biblioteca del Ateneo de Madrid Sala Pecera Planta 1 17/01/2008     A-5580 1133676 23/02/2023 23/02/2023 Libro impreso